| 000 | 00508nam a2200193Ia 4500 | ||
|---|---|---|---|
| 003 | GCL | ||
| 008 | 140319s9999 xx 000 0 ara d | ||
| 040 |
_aGCL / _cGCL |
||
| 082 | 0 | 4 |
_a221.11 _bم ا |
| 100 | 1 | _aمحمود شلتوت | |
| 245 | 1 | 0 |
_aالى القران الكريم / _cمحمود شلتوت |
| 260 |
_a[S.N] : _bدار الشروق ، _c1983 |
||
| 300 | _a165 ص | ||
| 490 | _a | ||
| 650 | 0 | 4 | _aالتفاسير |
| 650 | 0 | 4 | _aالتفسير |
| 650 | 0 | 4 | _aالقران |
| 942 |
_2ddc _cBK |
||
| 999 |
_c30144 _d30144 |
||